00717nam a2200181 i 4500001000300000100003600003245015800039260005100197300002600248490003600274830003600310020001500346040000800361041000800369080001900377008004100396856009800437bg1 aFeuerbach, Ludwigd(1804-1872). 0aWybór pism.nT. 1,pMyśli o śmierci i nieśmiertelności /cLudwik Feuerbach ; przeł. [z niem.] Krystyna Krzemieniowa i Mirosław Skwieciński. aWarszawa :bPaństwowe Wydaw. Naukowe,c1988. aLXI, 488 s. ;c20 cm.1 aBiblioteka Klasyków Filozofii aBiblioteka Klasyków Filozofii a8301072040 cBPK apol a1A/Z:291](081) s pl f |000 0 pol  uhttp://koha.tu.koszalin.pl/cgi-bin/koha/opac-detail.pl?biblionumber=23872yKatalog online BPK